Name the Flag Carrier Airline #3 - Statistics

General Stats
  • This quiz has been taken 65 times
  • The average score is 17 of 20
Answer Stats
Country Flag Carrier % Correct
United Arab Emirates Emirates
100%
Iceland Icelandair
97%
Japan Japan Airlines
97%
Ireland Aer Lingus
93%
Ethiopia Ethiopian Airlines
93%
Thailand Thai Airways International
93%
Malta Air Malta
90%
Austria Austrian Airlines
90%
Chile LATAM Chile
90%
Iran Iran Air
87%
Vanuatu Air Vanuatu
83%
Zimbabwe Air Zimbabwe
83%
Czechia Czech Airlines
83%
Nepal Nepal Airlines
80%
Norway Scandinavian Airlines
77%
Sri Lanka SriLankan Airlines
77%
Romania TAROM
73%
Belarus Belavia
67%
Georgia Georgian Airways
67%
Angola TAAG Angola Airlines
67%
No matching quizzes found
Score Distribution
Percent of People with Each Score
Percentile by Number Answered
Your Score History
You have not taken this quiz